Identities and rights : (Record no. 65809)

MARC details
000 -LEADER
fixed length control field 00456nam a22001457a 4500
005 - DATE AND TIME OF LATEST TRANSACTION
control field 20180730122517.0
020 ## - INTERNATIONAL STANDARD BOOK NUMBER
International Standard Book Number 0195644174
Terms of availability 395.00
035 ## - SYSTEM CONTROL NUMBER
System control number A-948938, A-948937
037 ## - SOURCE OF ACQUISITION
Stock number DPL
Source of stock number/acquisition ENG
100 ## - MAIN ENTRY--PERSONAL NAME
Personal name Mahajan, Gurpreet
245 ## - TITLE STATEMENT
Title Identities and rights :
Remainder of title Aspects of liberal democracy in India /
Statement of responsibility, etc by Gurpreet Mahajan
260 ## - PUBLICATION, DISTRIBUTION, ETC. (IMPRINT)
Place of publication, distribution, etc Delhi
Name of publisher, distributor, etc Oxford University Press
Date of publication, distribution, etc 1998
300 ## - PHYSICAL DESCRIPTION
Extent 190p.
Dimensions 20 cms.
942 ## - ADDED ENTRY ELEMENTS (KOHA)
Source of classification or shelving scheme Dewey Decimal Classification
Item type English Books
Classification part 323.4
Call number suffix MAH
Holdings
Withdrawn status Lost status Not for loan Collection code Home library Current library Date acquired Cost, normal purchase price Full call number Barcode Cost, replacement price Koha item type Source of acquisition
      Non-fiction Patel Nagar Patel Nagar 30/07/2018 395.00 323.4 MAH A-948937 395.00 English Books BPPD/PUB
      Non-fiction Sarojini Nagar Sarojini Nagar 30/04/2012 395.00 323.4 MAH A-948938 395.00 English Books  

© Delhi Public Library
Hit Counter
free hit counter